• 首页
  • 本馆介绍
  • 公告通知
  • 最新文献
  • 馆藏检索
  • 电子资源
  • 读者导购
  • 参考咨询
  • 我的图书馆
  • 登录
  • 详细信息显示
  • 放入我的书架
  • 预约/预借图书
  • 作者相关作品
  • 分类相关作品
  • 丛书相关作品
  • 出版社相关作品

书目信息

  • 表格格式
  • 工作单格式
  • 卡片格式
题名:
后望书
    
 
作者: 朱幼棣 著
分册:  
出版信息: 北京   北京联合出版公司  2016
页数: 15,372页
开本: 24cm
丛书名:
单 册:
中图分类: TV , X171.1
科图分类:
主题词: 水利工程--shui li gong cheng--生态环境--环境保护 , 文化遗产--wen hua yi chan--保护--中国
电子资源:
ISBN: 978-7-5502-5641-5
000 00973nam0 22002891 450
001 1759791816
005 20170605164856.85
010    @a978-7-5502-5641-5@dCNY49.80
100    @a20170425d2016 em y0chiy50 ea
101 0  @achi
102    @aCN@b110000
105    @aa z 000yy
106    @ar
200 1  @a后望书@Ahou wang shu@f朱幼棣著
205    @a修订本
210    @a北京@c北京联合出版公司@d2016
215    @a15,372页@c照片@d24cm
300    @a朱幼棣作品 05
305    @a版权归属于后浪出版咨询(北京)有限责任公司
330    @a本书内容包括:三门峡:无水的淹没;北京的“脸盘”与根;欧风美雨荡涤下的中国城镇;西北:缺水背后的真实;危机:从敦煌到罗布泊;迷失的黑河;世纪移民等。
606 0  @a水利工程@Ashui li gong cheng@x生态环境@x环境保护
606 0  @a文化遗产@Awen hua yi chan@x保护@y中国
690    @aTV@v5
690    @aX171.1@v5
701  0 @a朱幼棣@Azhu you di@f(1950-2015)@4著
801  0 @aCN@bTANGWEI@c20170518
905    @b1007724-9@dTV@e10=2@f6
    
    后望书/朱幼棣著.-修订本.-北京:北京联合出版公司,2016
    15,372页:照片;24cm
    朱幼棣作品 05
    
    ISBN 978-7-5502-5641-5:CNY49.80
    本书内容包括:三门峡:无水的淹没;北京的“脸盘”与根;欧风美雨荡涤下的中国城镇;西北:缺水背后的真实;危机:从敦煌到罗布泊;迷失的黑河;世纪移民等。
●
相关链接 在E读中查询图书 在五车中查询图书 在当当中查询图书 在豆瓣中查询图书


正题名:后望书     索取号:TV/10=2         预约/预借

序号 登录号 条形码 馆藏地/架位号 状态 备注
1 1007724   210077245   第二样本阅览室/ [索取号:TV/10=2] 在馆    
2 1007725   210077254   教育系资料室/ [索取号:TV/10=2] 在馆    
3 1007726   210077263   教育系资料室/ [索取号:TV/10=2] 在馆    
4 1007727   210077272   教育系资料室/ [索取号:TV/10=2] 在馆    
5 1007728   210077281   第三借阅区/ [索取号:TV/10=2] 在馆    
6 1007729   210077290   第三借阅区/ [索取号:TV/10=2] 在馆    
唐山师范学院图书馆 欢迎您!
大连网信软件有限公司© 版权所有